Dr. Abravanel's body type diet and lifetime nutrition plan / (Record no. 7019)
[ view plain ]
| 000 -LEADER | |
|---|---|
| fixed length control field | 01551cam a22003734a 4500 |
| 001 - CONTROL NUMBER | |
| control field | 2618166 |
| 003 - CONTROL NUMBER IDENTIFIER | |
| control field | OSt |
| 005 - DATE AND TIME OF LATEST TRANSACTION | |
| control field | 20190122150512.0 |
| 008 - FIXED-LENGTH DATA ELEMENTS--GENERAL INFORMATION | |
| fixed length control field | 981119s1999 nyua 001 0 eng |
| 010 ## - LIBRARY OF CONGRESS CONTROL NUMBER | |
| LC control number | 98052981 |
| 020 ## - INTERNATIONAL STANDARD BOOK NUMBER | |
| International Standard Book Number | 0553380419 |
| 040 ## - CATALOGING SOURCE | |
| Original cataloging agency | DLC |
| Transcribing agency | DLC |
| Modifying agency | DLC |
| 042 ## - AUTHENTICATION CODE | |
| Authentication code | pcc |
| 050 00 - LIBRARY OF CONGRESS CALL NUMBER | |
| Classification number | RM222.2 |
| Item number | .A25 1999 |
| 082 00 - DEWEY DECIMAL CLASSIFICATION NUMBER | |
| Classification number | 646.75 |
| Edition number | 21 |
| Item number | A161D |
| 100 1# - MAIN ENTRY--PERSONAL NAME | |
| Personal name | Abravanel, Elliot D. |
| 245 10 - TITLE STATEMENT | |
| Title | Dr. Abravanel's body type diet and lifetime nutrition plan / |
| Statement of responsibility, etc. | Elliot D. Abravanel and Elizabeth King Morrison ; illustrations by Vivien Cohen and Alan Sanborn. |
| 246 30 - VARYING FORM OF TITLE | |
| Title proper/short title | Doctor Abravanel's body type diet and lifetime nutrition plan |
| 246 30 - VARYING FORM OF TITLE | |
| Title proper/short title | Body type diet and lifetime nutrition plan |
| 250 ## - EDITION STATEMENT | |
| Edition statement | Rev. ed. |
| 260 ## - PUBLICATION, DISTRIBUTION, ETC. | |
| Place of publication, distribution, etc. | New York : |
| Name of publisher, distributor, etc. | Bantam Books, |
| Date of publication, distribution, etc. | 1999. |
| 300 ## - PHYSICAL DESCRIPTION | |
| Extent | xvi, 365 p. : |
| Other physical details | ill. ; |
| Dimensions | 21 cm. |
| 500 ## - GENERAL NOTE | |
| General note | Includes index. |
| 650 #0 - SUBJECT ADDED ENTRY--TOPICAL TERM | |
| Topical term or geographic name entry element | Reducing diets |
| Form subdivision | Recipes. |
| 650 #0 - SUBJECT ADDED ENTRY--TOPICAL TERM | |
| Topical term or geographic name entry element | Reducing exercises. |
| 650 #0 - SUBJECT ADDED ENTRY--TOPICAL TERM | |
| Topical term or geographic name entry element | Physiognomy. |
| 700 1# - ADDED ENTRY--PERSONAL NAME | |
| Personal name | Morrison, Elizabeth King. |
| 856 42 - ELECTRONIC LOCATION AND ACCESS | |
| Materials specified | Contributor biographical information |
| Uniform Resource Identifier | <a href="http://www.loc.gov/catdir/bios/random059/98052981.html">http://www.loc.gov/catdir/bios/random059/98052981.html</a> |
| 856 41 - ELECTRONIC LOCATION AND ACCESS | |
| Materials specified | Sample text |
| Uniform Resource Identifier | <a href="http://www.loc.gov/catdir/samples/random051/98052981.html">http://www.loc.gov/catdir/samples/random051/98052981.html</a> |
| 856 42 - ELECTRONIC LOCATION AND ACCESS | |
| Materials specified | Publisher description |
| Uniform Resource Identifier | <a href="http://www.loc.gov/catdir/description/random0413/98052981.html">http://www.loc.gov/catdir/description/random0413/98052981.html</a> |
| 906 ## - LOCAL DATA ELEMENT F, LDF (RLIN) | |
| a | 7 |
| b | cbc |
| c | orignew |
| d | 1 |
| e | ocip |
| f | 19 |
| g | y-gencatlg |
| 942 ## - ADDED ENTRY ELEMENTS (KOHA) | |
| Source of classification or shelving scheme | Dewey Decimal Classification |
| Koha item type | Books |
| Withdrawn status | Lost status | Source of classification or shelving scheme | Damaged status | Not for loan | Collection code | Home library | Current library | Shelving location | Date acquired | Cost, normal purchase price | Total Checkouts | Full call number | Barcode | Date last seen | Price effective from | Koha item type |
|---|---|---|---|---|---|---|---|---|---|---|---|---|---|---|---|---|
| Dewey Decimal Classification | Non-fiction | Harvest Mission College | Harvest Mission College | General Stacks | 22.01.2019 | 1650.00 | 646.75 A161D | 007864 | 22.01.2019 | 22.01.2019 | Books |
